[Event "XtraCon-Skakligaen"]
[Site "Denmark"]
[Date "2011.01.15"]
[Round "4.2"]
[White "Sloth, Jorn"]
[Black "Nielsen, Lars Aaes"]
[Result "1-0"]
[WhiteElo "2302"]
[BlackElo "2276"]
[PlyCount "75"]
[EventDate "2010.11.06"]
[EventType "team-tourn"]
[EventRounds "9"]
[WhiteTeam "Nordre"]
[BlackTeam "Nordkalotten"]
[WhiteTeamCountry "DEN"]
[BlackTeamCountry "DEN"]

1. Nf3 b6 2. g3 Bb7 3. Bg2 e5 4. O-O Qe7 5. e4 d6 6. d4 Nd7 7. c4 g6 8. Nc3 c6
9. Re1 Bg7 10. Bg5 Ngf6 11. Qc2 h6 12. Bd2 O-O 13. Rad1 Rfe8 14. h3 Qf8 15. Be3
Rac8 16. Qb1 a6 17. dxe5 dxe5 18. b4 c5 19. bxc5 Nxc5 20. Nd2 Qd6 21. Nb3 Qc7
22. Nxc5 bxc5 23. Nd5 Bxd5 24. cxd5 Red8 25. Bf1 Qa5 26. Bc4 Rb8 27. Qd3 Rd6
28. Rb1 Rdb6 29. Bd2 Qa4 30. Rxb6 Rxb6 31. Bb3 Qd4 32. Qxd4 cxd4 33. f3 Ne8 34.
Rc1 Nd6 35. Rc6 Rxc6 36. dxc6 Nc8 37. Bc4 Na7 38. c7 1-0

[Event "XtraCon-Skakligaen"]
[Site "Denmark"]
[Date "2011.01.15"]
[Round "4.3"]
[White "Hove, Esben Kjems"]
[Black "Petersen, Tom Petri"]
[Result "0-1"]
[WhiteElo "2258"]
[BlackElo "2301"]
[PlyCount "52"]
[EventDate "2010.11.06"]
[EventType "team-tourn"]
[EventRounds "9"]
[WhiteTeam "Nordkalotten"]
[BlackTeam "Nordre"]
[WhiteTeamCountry "DEN"]
[BlackTeamCountry "DEN"]

1. d4 Nf6 2. Nf3 g6 3. Bg5 Bg7 4. Nbd2 O-O 5. c3 d6 6. e3 Nbd7 7. Bc4 e5 8. O-O
h6 9. Bh4 Qe7 10. Bb3 b6 11. Ne4 Bb7 12. Nfd2 exd4 13. Nxf6+ Bxf6 14. Bxf6 Nxf6
15. exd4 Rfe8 16. Ba4 c6 17. Re1 Qd7 18. Qf3 Kg7 19. Qd3 b5 20. Bc2 c5 21. dxc5
Qc6 22. Nf3 dxc5 23. Rad1 Nh5 24. Rxe8 Rxe8 25. c4 b4 26. Re1 Qxf3 0-1

[Event "XtraCon-Skakligaen"]
[Site "Denmark"]
[Date "2011.01.15"]
[Round "4.4"]
[White "Christensen, Jan Schleicher"]
[Black "Kristensen, Kaare Hove"]
[Result "0-1"]
[WhiteElo "2229"]
[BlackElo "2260"]
[PlyCount "68"]
[EventDate "2010.11.06"]
[EventType "team-tourn"]
[EventRounds "9"]
[WhiteTeam "Nordre"]
[BlackTeam "Nordkalotten"]
[WhiteTeamCountry "DEN"]
[BlackTeamCountry "DEN"]

1. d4 d5 2. c4 e6 3. Nc3 c6 4. Nf3 Nf6 5. Bg5 dxc4 6. e4 b5 7. e5 h6 8. Bh4 g5
9. Nxg5 hxg5 10. Bxg5 Nbd7 11. g3 Bb7 12. Bg2 Qb6 13. exf6 c5 14. d5 O-O-O 15.
O-O b4 16. Na4 Qa6 17. a3 Bxd5 18. Bxd5 Ne5 19. axb4 Rxd5 20. Qe2 cxb4 21. Qe4
Qb5 22. Rfd1 Bh6 23. Bxh6 Rxh6 24. Rxd5 Qxd5 25. Qxd5 exd5 26. Nc5 Rxf6 27. f4
Rc6 28. Ra5 Nd7 29. Nxd7 Kxd7 30. Rxd5+ Rd6 31. Rc5 c3 32. bxc3 b3 33. Rb5 Rb6
34. Rd5+ Kc6 0-1

[Event "XtraCon-Skakligaen"]
[Site "Denmark"]
[Date "2011.01.15"]
[Round "4.5"]
[White "Jakobsen, Peter"]
[Black "Hoiberg, Nina"]
[Result "1-0"]
[WhiteElo "2230"]
[BlackElo "2198"]
[PlyCount "99"]
[EventDate "2010.11.06"]
[EventType "team-tourn"]
[EventRounds "9"]
[WhiteTeam "Nordkalotten"]
[BlackTeam "Nordre"]
[WhiteTeamCountry "DEN"]
[BlackTeamCountry "DEN"]

1. Nf3 Nc6 2. d4 d6 3. e4 e5 4. Bb5 Bd7 5. Nc3 Nf6 6. Bg5 Be7 7. Bxc6 Bxc6 8.
Qd3 Ng4 9. Bxe7 Qxe7 10. h3 Nf6 11. O-O-O O-O 12. Rhe1 Rfe8 13. Qc4 exd4 14.
Qxd4 Nd7 15. Qe3 Qf6 16. Nd4 d5 17. Nxc6 bxc6 18. Qd2 Nb6 19. exd5 Nc4 20. Qd3
cxd5 21. Rxe8+ Rxe8 22. Qxd5 Nb6 23. Qf3 Qxf3 24. gxf3 h6 25. b3 Re5 26. a4 a6
27. Rd8+ Kh7 28. Rd4 Rf5 29. f4 g5 30. fxg5 hxg5 31. Ne4 Kg6 32. Kd2 Nd5 33.
Rc4 Rf4 34. Rc5 Nf6 35. Nxg5 Rxf2+ 36. Ke3 Rg2 37. Nf3 Rg3 38. h4 Rh3 39. Rg5+
Kh6 40. Rf5 Kg6 41. Rg5+ Kh6 42. Ra5 Ng4+ 43. Kf4 Nh2 44. Rxa6+ Kh5 45. Ra5+
Kh6 46. Nxh2 Rxh2 47. Rc5 Rxh4+ 48. Kg3 Re4 49. Rxc7 f5 50. a5 1-0

[Event "XtraCon-Skakligaen"]
[Site "Denmark"]
[Date "2011.01.15"]
[Round "4.6"]
[White "Holst, Per"]
[Black "Ejsing, Esben"]
[Result "1/2-1/2"]
[WhiteElo "2129"]
[BlackElo "2118"]
[PlyCount "98"]
[EventDate "2010.11.06"]
[EventType "team-tourn"]
[EventRounds "9"]
[WhiteTeam "Nordre"]
[BlackTeam "Nordkalotten"]
[WhiteTeamCountry "DEN"]
[BlackTeamCountry "DEN"]

1. d4 Nf6 2. c4 e6 3. Nf3 b6 4. g3 Bb7 5. Bg2 Be7 6. Nc3 d5 7. O-O O-O 8. Ne5
Na6 9. cxd5 exd5 10. Nd3 Ne4 11. Nf4 Bf6 12. Be3 Re8 13. Qa4 c6 14. Rac1 g6 15.
Nxe4 dxe4 16. Rc2 Qd6 17. a3 Rad8 18. Rd1 Kg7 19. Rcd2 Re7 20. b4 Qb8 21. Qc2
Rde8 22. d5 cxd5 23. Nxd5 Bxd5 24. Rxd5 Qb7 25. b5 Nb8 26. Rd8 Rc7 27. Qxc7
Qxc7 28. Rxe8 Nd7 29. Rc1 Nc5 30. Rxe4 Qd7 31. Bxc5 bxc5 32. Rxc5 Qd1+ 33. Bf1
Bd4 34. Rc7 Bb6 35. Rcc4 Qb3 36. a4 f5 37. Rb4 Qd5 38. Re7+ Kf6 39. Rxh7 Bxf2+
40. Kxf2 Qc5+ 41. e3 Qxb4 42. Rxa7 g5 43. Rc7 f4 44. gxf4 gxf4 45. Rc6+ Ke5 46.
exf4+ Qxf4+ 47. Ke1 Qb4+ 48. Kf2 Qf4+ 49. Ke1 Qb4+ 1/2-1/2

[Event "XtraCon-Skakligaen"]
[Site "Denmark"]
[Date "2011.01.15"]
[Round "4.7"]
[White "Koch, Soren Andreas"]
[Black "Pedersen, Karl"]
[Result "1/2-1/2"]
[WhiteElo "2178"]
[BlackElo "2254"]
[PlyCount "111"]
[EventDate "2010.11.06"]
[EventType "team-tourn"]
[EventRounds "9"]
[WhiteTeam "Nordkalotten"]
[BlackTeam "Nordre"]
[WhiteTeamCountry "DEN"]
[BlackTeamCountry "DEN"]

1. d4 Nf6 2. g3 g6 3. Bg2 d5 4. Nf3 Bg7 5. O-O O-O 6. b3 Nc6 7. Bb2 a5 8. c4 a4
9. Nbd2 a3 10. Bc3 Bf5 11. Ne5 Ne4 12. Nxe4 dxe4 13. Nxc6 bxc6 14. Rc1 Qd6 15.
e3 Rfd8 16. g4 Bd7 17. Bxe4 Bh6 18. Qf3 Rf8 19. Qg3 Qxg3+ 20. hxg3 Bxg4 21. Bb4
Ra6 22. Kg2 Re8 23. f4 Bf8 24. Bf3 Bd7 25. g4 h6 26. Rh1 Bg7 27. Rcd1 e6 28.
Kf2 Rb8 29. Be7 Be8 30. e4 f6 31. Bc5 Kf7 32. e5 g5 33. Kg3 gxf4+ 34. Kxf4
fxe5+ 35. dxe5 Ra5 36. Bd4 Rd8 37. Bc3 Raa8 38. Be4 Bf8 39. g5 hxg5+ 40. Kxg5
Rxd1 41. Rxd1 Kg7 42. Rh1 Bg6 43. Bxc6 Rd8 44. Kf4 Rd3 45. Rg1 Rxc3 46. Be4 Bc5
47. Rxg6+ Kf7 48. Rg2 Rc1 49. Rh2 Ra1 50. Rh7+ Ke8 51. Rxc7 Bd4 52. Bc6+ Kf8
53. Rd7 Bc3 54. Rd8+ Kf7 55. Rd7+ Kf8 56. Rd8+ 1/2-1/2

[Event "XtraCon-Skakligaen"]
[Site "Denmark"]
[Date "2011.01.15"]
[Round "4.1"]
[White "Hillarp Persson, Tiger"]
[Black "Nilssen, John Arni"]
[Result "1/2-1/2"]
[WhiteElo "2528"]
[BlackElo "2364"]
[PlyCount "200"]
[EventDate "2010.11.06"]
[EventType "team-tourn"]
[EventRounds "9"]
[WhiteTeam "Bronshoj"]
[BlackTeam "K41"]
[WhiteTeamCountry "DEN"]
[BlackTeamCountry "DEN"]

1. c4 Nf6 2. g3 e6 3. Bg2 c5 4. Nf3 a6 5. Nc3 Qc7 6. O-O d6 7. d4 cxd4 8. Nxd4
Be7 9. b3 O-O 10. Bb2 Re8 11. Rc1 Nbd7 12. e3 h6 13. f4 Nc5 14. h3 e5 15. Nc2
Qb6 16. g4 exf4 17. Rxf4 Be6 18. Qd4 Rab8 19. Ne4 Qd8 20. Rcf1 Ncxe4 21. Bxe4
d5 22. cxd5 Bxd5 23. Bxd5 Qxd5 24. Rf5 Qc6 25. Nb4 Qc7 26. R1f3 Rbd8 27. Nd5
Qd6 28. Nxf6+ Bxf6 29. Qxd6 Rxd6 30. Bxf6 gxf6 31. Rxf6 Rxf6 32. Rxf6 Rxe3 33.
Rxh6 Kg7 34. Rh5 Rd3 35. Rg5+ Kf8 36. h4 Rd1+ 37. Kf2 Rd2+ 38. Ke3 Rxa2 39. Kd4
Rc2 40. h5 Rc6 41. Rd5 Rb6 42. Kc4 Rc6+ 43. Rc5 Rf6 44. g5 Rf4+ 45. Kd5 Rg4 46.
Kd6 Kg7 47. h6+ Kg6 48. Ke7 Rh4 49. Rd5 Rh5 50. Kf8 f5 51. Rd6+ Kxg5 52. Kg7
Kf4 53. h7 Rxh7+ 54. Kxh7 Ke3 55. Re6+ Kd3 56. Rf6 b5 57. Kg6 Kc3 58. Kxf5 Kxb3
59. Rxa6 b4 60. Ke4 Kc2 61. Rc6+ Kd2 62. Kd4 b3 63. Rh6 b2 64. Rh2+ Kc1 65. Kc3
b1=N+ 66. Kd3 Na3 67. Ra2 Nb1 68. Rc2+ Kd1 69. Rb2 Kc1 70. Ra2 Kd1 71. Rc2 Na3
72. Rc3 Nb1 73. Rc8 Nd2 74. Rb8 Kc1 75. Rb7 Nb1 76. Rb6 Na3 77. Rb7 Nb1 78. Rb3
Nd2 79. Rc3+ Kd1 80. Ra3 Nb1 81. Ra7 Kc1 82. Rb7 Na3 83. Rb8 Nb1 84. Rb3 Nd2
85. Rc3+ Kd1 86. Ra3 Nb1 87. Ra2 Kc1 88. Rc2+ Kd1 89. Rc8 Na3 90. Kc3 Nb1+ 91.
Kb2 Nd2 92. Re8 Nf3 93. Kc3 Ne1 94. Re3 Ng2 95. Rg3 Ne1 96. Re3 Ng2 97. Re4 Ne1
98. Re7 Ng2 99. Kd4 Ne1 100. Ke4 Ke2 1/2-1/2

[Event "XtraCon-Skakligaen"]
[Site "Denmark"]
[Date "2011.01.15"]
[Round "4.2"]
[White "Greger, Roland Reinhard"]
[Black "Bekker Jensen, Simon"]
[Result "0-1"]
[WhiteElo "2389"]
[BlackElo "2397"]
[PlyCount "98"]
[EventDate "2010.11.06"]
[EventType "team-tourn"]
[EventRounds "9"]
[WhiteTeam "K41"]
[BlackTeam "Bronshoj"]
[WhiteTeamCountry "DEN"]
[BlackTeamCountry "DEN"]

1. e4 c5 2. Nf3 d6 3. d4 Nf6 4. Nc3 cxd4 5. Nxd4 a6 6. f4 g6 7. Be2 Nbd7 8. O-O
Bg7 9. a4 O-O 10. Nb3 b6 11. Bf3 Bb7 12. Qe2 Qc7 13. Nd5 Nxd5 14. exd5 Rfe8 15.
c3 e5 16. dxe6 Rxe6 17. Qd3 Nc5 18. Nxc5 Qxc5+ 19. Kh1 Bxf3 20. Qxf3 Rae8 21.
Bd2 Qc4 22. f5 Re2 23. Rad1 Qxa4 24. fxg6 fxg6 25. Qd5+ Kh8 26. Bf4 Qe4 27.
Qxe4 R8xe4 28. Bxd6 Rxb2 29. Bc5 bxc5 30. Rd8+ Bf8 31. Rdxf8+ Kg7 32. R8f7+ Kh6
33. Rc7 Ree2 34. h4 Rxg2 35. Rff7 Rh2+ 36. Kg1 Kh5 37. Rf4 h6 38. Rxc5+ g5 39.
hxg5 hxg5 40. Rff5 Rhg2+ 41. Kf1 Kh4 42. Rf3 g4 43. Re3 Rgf2+ 44. Kg1 Rfc2 45.
Rf5 Rb1+ 46. Rf1 Rxf1+ 47. Kxf1 a5 48. Ke1 g3 49. Kd1 Ra2 0-1

[Event "XtraCon-Skakligaen"]
[Site "Denmark"]
[Date "2011.01.15"]
[Round "4.3"]
[White "Hoi, Carsten"]
[Black "Ost Hansen, Jacob"]
[Result "1/2-1/2"]
[WhiteElo "2413"]
[BlackElo "2381"]
[PlyCount "26"]
[EventDate "2010.11.06"]
[EventType "team-tourn"]
[EventRounds "9"]
[WhiteTeam "Bronshoj"]
[BlackTeam "K41"]
[WhiteTeamCountry "DEN"]
[BlackTeamCountry "DEN"]

1. c4 e5 2. e3 d6 3. d4 Nd7 4. Nc3 Ngf6 5. Nf3 g6 6. Be2 Bg7 7. O-O O-O 8. Qc2
Re8 9. b3 e4 10. Nd2 Qe7 11. a4 a5 12. Nb5 Nb8 13. Ba3 Nc6 1/2-1/2

[Event "XtraCon-Skakligaen"]
[Site "Denmark"]
[Date "2011.01.15"]
[Round "4.4"]
[White "Rasmussen, Casper Dahl"]
[Black "Pilgaard, Kim"]
[Result "0-1"]
[WhiteElo "2357"]
[BlackElo "2431"]
[PlyCount "98"]
[EventDate "2010.11.06"]
[EventType "team-tourn"]
[EventRounds "9"]
[WhiteTeam "K41"]
[BlackTeam "Bronshoj"]
[WhiteTeamCountry "DEN"]
[BlackTeamCountry "DEN"]

1. Nf3 Nf6 2. c4 e6 3. Nc3 d5 4. d4 Be7 5. Bg5 h6 6. Bh4 O-O 7. e3 Nbd7 8. Rc1
b6 9. Bd3 Bb7 10. O-O c5 11. Qe2 Rc8 12. cxd5 Nxd5 13. Bg3 cxd4 14. exd4 Nb4
15. Bb5 Nf6 16. Rfd1 a6 17. Ba4 b5 18. Bb3 Nbd5 19. Ne5 Nxc3 20. Rxc3 Rxc3 21.
bxc3 Bd5 22. c4 bxc4 23. Bxc4 a5 24. Bd3 Qa8 25. f3 Nh5 26. Bb1 Nxg3 27. hxg3
Rd8 28. Qc2 Kf8 29. Kh2 Qb7 30. Qh7 Bf6 31. Ng4 Ke7 32. Nxf6 Kxf6 33. Qd3 g6
34. Qd2 Qa8 35. Rc1 Kg7 36. Rc7 Rf8 37. Qd3 Kg8 38. Qe3 Qb8 39. Qc1 Qb6 40. a3
h5 41. Bd3 Qxd4 42. Bxg6 h4 43. Qh6 hxg3+ 44. Kxg3 Qg7 45. Qxg7+ Kxg7 46. Bh5
a4 47. Ra7 Bb3 48. f4 Kf6 49. Kf3 Bd1+ 0-1

[Event "XtraCon-Skakligaen"]
[Site "Denmark"]
[Date "2011.01.15"]
[Round "4.5"]
[White "Aabling Thomsen, Jakob"]
[Black "Hagen, Andreas Skytte"]
[Result "1-0"]
[WhiteElo "2330"]
[BlackElo "2290"]
[PlyCount "69"]
[EventDate "2010.11.06"]
[EventType "team-tourn"]
[EventRounds "9"]
[WhiteTeam "Bronshoj"]
[BlackTeam "K41"]
[WhiteTeamCountry "DEN"]
[BlackTeamCountry "DEN"]

1. e4 e5 2. Nf3 Nc6 3. d4 exd4 4. Nxd4 Bc5 5. Nb3 Bb6 6. Nc3 Nf6 7. Qe2 d6 8.
Bg5 h6 9. Bh4 g5 10. Bg3 Qe7 11. O-O-O Bd7 12. f3 Ne5 13. Bf2 Ng6 14. g3 O-O-O
15. Bxb6 axb6 16. a4 Qe5 17. Qc4 Be6 18. Qb4 d5 19. a5 dxe4 20. Bc4 exf3 21. a6
bxa6 22. Bxa6+ Kb8 23. Nd4 Rxd4 24. Rxd4 Qe3+ 25. Kb1 Ne7 26. Rd3 Qe5 27. Rhd1
g4 28. Bb5 c5 29. Qa4 Qc7 30. Rd6 Nc8 31. Rc6 Qe7 32. Ba6 Bd7 33. Qf4+ Ka7 34.
Rxf6 Kxa6 35. Rxf7 1-0

[Event "XtraCon-Skakligaen"]
[Site "Denmark"]
[Date "2011.01.15"]
[Round "4.6"]
[White "Schmidt, Kristen"]
[Black "Carstensen, Jacob"]
[Result "1-0"]
[WhiteElo "2280"]
[BlackElo "2332"]
[PlyCount "77"]
[EventDate "2010.11.06"]
[EventType "team-tourn"]
[EventRounds "9"]
[WhiteTeam "K41"]
[BlackTeam "Bronshoj"]
[WhiteTeamCountry "DEN"]
[BlackTeamCountry "DEN"]

1. e4 e6 2. d4 d5 3. Nd2 Nf6 4. e5 Nfd7 5. Bd3 c5 6. c3 Nc6 7. Ngf3 Qb6 8. O-O
cxd4 9. cxd4 Nxd4 10. Nxd4 Qxd4 11. Nf3 Qb6 12. Qa4 Qb4 13. Qc2 g6 14. Bd2 Qb6
15. Rac1 Be7 16. Bh6 Qd8 17. h4 Nc5 18. Ng5 Bd7 19. b4 Nxd3 20. Qxd3 Bf8 21.
Bxf8 Kxf8 22. Qf3 f5 23. exf6 h6 24. Nh3 Kf7 25. Nf4 Qxf6 26. Rc7 Rhd8 27. Nxe6
Kxe6 28. Re1+ Kf7 29. Qxd5+ Kf8 30. Rxd7 Rxd7 31. Qxd7 Qf7 32. Qd6+ Kg8 33. Re6
Qf8 34. Rxg6+ Kh7 35. Qd3 Kh8 36. Qd4+ Kh7 37. Qe4 Kh8 38. Re6 Rd8 39. Re7 1-0

[Event "XtraCon-Skakligaen"]
[Site "Denmark"]
[Date "2011.01.15"]
[Round "4.7"]
[White "Palm, Nikolaj"]
[Black "Christensen, Bo Garner"]
[Result "1/2-1/2"]
[WhiteElo "2275"]
[BlackElo "2254"]
[PlyCount "114"]
[EventDate "2010.11.06"]
[EventType "team-tourn"]
[EventRounds "9"]
[WhiteTeam "Bronshoj"]
[BlackTeam "K41"]
[WhiteTeamCountry "DEN"]
[BlackTeamCountry "DEN"]

1. d4 Nf6 2. Nf3 g6 3. e3 Bg7 4. c4 O-O 5. Nc3 d6 6. Be2 Nbd7 7. Qc2 a5 8. b3
e5 9. Bb2 Re8 10. h3 exd4 11. Nxd4 Nc5 12. O-O c6 13. Rad1 Bd7 14. Bf3 Qc8 15.
Kh2 h5 16. a3 Nh7 17. h4 Be5+ 18. g3 Nf6 19. Bg2 Ng4+ 20. Kg1 Qd8 21. b4 axb4
22. axb4 Ne6 23. Nf3 Qe7 24. Nxe5 dxe5 25. Ne4 Red8 26. Bf3 Ng7 27. Qc3 Bf5 28.
Nc5 f6 29. Bc1 e4 30. Bg2 b6 31. Nb3 Ne5 32. Rxd8+ Rxd8 33. Nd4 c5 34. Nxf5
gxf5 35. bxc5 bxc5 36. f3 Nd3 37. fxe4 fxe4 38. Bb2 Nxb2 39. Qxb2 f5 40. Bh3
Qd6 41. Qf2 Rf8 42. Ra1 Qd3 43. Bf1 Qc3 44. Ra2 Rf6 45. Rc2 Qe5 46. Be2 f4 47.
gxf4 Rg6+ 48. Kh2 Qa1 49. Rd2 Nf5 50. Rd5 Qf6 51. Rxc5 Nxh4 52. Rxh5 Rg2+ 53.
Qxg2+ Nxg2 54. Kxg2 Qb2 55. Kf2 Kf7 56. Rd5 Qc2 57. Rd4 Kf6 1/2-1/2

[Event "XtraCon-Skakligaen"]
[Site "Denmark"]
[Date "2011.01.15"]
[Round "4.8"]
[White "Naes, Flovin Tor"]
[Black "Pedersen, Peter Brondt"]
[Result "1/2-1/2"]
[WhiteElo "2231"]
[BlackElo "2147"]
[PlyCount "55"]
[EventDate "2010.11.06"]
[EventType "team-tourn"]
[EventRounds "9"]
[WhiteTeam "K41"]
[BlackTeam "Bronshoj"]
[WhiteTeamCountry "DEN"]
[BlackTeamCountry "DEN"]

1. e4 c5 2. Nc3 e6 3. Nf3 a6 4. g3 d6 5. Bg2 e5 6. d3 g6 7. Be3 Bg7 8. Qd2 Nc6
9. O-O Nge7 10. Bh6 O-O 11. Bxg7 Kxg7 12. Nh4 Nd4 13. f4 f6 14. Rf2 Be6 15. f5
Bg8 16. fxg6 hxg6 17. Raf1 c4 18. Nd1 cxd3 19. Qxd3 Rc8 20. b3 Qb6 21. Ne3 Be6
22. Kh1 Nb5 23. Nd5 Bxd5 24. exd5 Rc3 25. Qd1 Qd4 26. Qe2 Re3 27. Qd2 Qxd2 28.
Rxd2 1/2-1/2

[Event "XtraCon-Skakligaen"]
[Site "Denmark"]
[Date "2011.01.15"]
[Round "4.1"]
[White "Aagaard, Jacob"]
[Black "Andreasen, Per Naesby"]
[Result "1/2-1/2"]
[WhiteElo "2534"]
[BlackElo "2239"]
[PlyCount "117"]
[EventDate "2010.11.06"]
[EventType "team-tourn"]
[EventRounds "9"]
[WhiteTeam "Sydostfyn"]
[BlackTeam "Norresundby"]
[WhiteTeamCountry "DEN"]
[BlackTeamCountry "DEN"]

1. e4 e6 2. d4 d5 3. Nc3 dxe4 4. Nxe4 Nd7 5. Nf3 Ngf6 6. Nxf6+ Nxf6 7. Bg5 h6
8. Be3 Nd5 9. Bd2 c5 10. Ne5 a6 11. c4 Nf6 12. Bc3 cxd4 13. Qxd4 Qxd4 14. Bxd4
Bb4+ 15. Ke2 O-O 16. g3 Nd7 17. Rd1 Nxe5 18. Bxe5 b5 19. Bg2 Ra7 20. a3 Be7 21.
Bd4 Rc7 22. cxb5 axb5 23. Bb6 Rc2+ 24. Rd2 Rxd2+ 25. Kxd2 Bd7 26. Rc1 b4 27.
Bc5 Bxc5 28. Rxc5 bxa3 29. bxa3 Rb8 30. Rc7 Rb2+ 31. Ke3 Ba4 32. Ra7 Rb3+ 33.
Kd4 Rxa3 34. Bc6 Ra2 35. Rxa4 Rxf2 36. h3 g5 37. Ra1 Kg7 38. Ke3 Rh2 39. Rh1
Rxh1 40. Bxh1 f5 41. Kd4 Kf6 42. Bf3 e5+ 43. Kd5 e4 44. Bd1 h5 45. Be2 g4 46.
hxg4 fxg4 47. Bxg4 hxg4 48. Kxe4 Kf7 49. Kf5 Kg7 50. Kxg4 Kg6 51. Kf4 Kf6 52.
g4 Kg6 53. g5 Kg7 54. Kf5 Kf7 55. g6+ Kg7 56. Kg5 Kg8 57. Kf6 Kf8 58. g7+ Kg8
59. Kg6 1/2-1/2

[Event "XtraCon-Skakligaen"]
[Site "Denmark"]
[Date "2011.01.15"]
[Round "4.2"]
[White "Sorensen, Bent"]
[Black "Schandorff, Lars"]
[Result "1/2-1/2"]
[WhiteElo "2282"]
[BlackElo "2488"]
[PlyCount "77"]
[EventDate "2010.11.06"]
[EventType "team-tourn"]
[EventRounds "9"]
[WhiteTeam "Norresundby"]
[BlackTeam "Sydostfyn"]
[WhiteTeamCountry "DEN"]
[BlackTeamCountry "DEN"]

1. Nf3 Nf6 2. g3 d5 3. Bg2 c6 4. b3 Bg4 5. Bb2 Nbd7 6. d3 e6 7. Nbd2 Bd6 8. e4
e5 9. h3 Bh5 10. O-O O-O 11. Qe1 Re8 12. Nh4 Qc7 13. Nf5 Bf8 14. Ne3 Rad8 15.
Rc1 dxe4 16. dxe4 Nc5 17. f3 Nfd7 18. a3 b5 19. b4 Na4 20. Ba1 f6 21. c4 a6 22.
Rf2 c5 23. Bf1 cxb4 24. cxb5 Qa7 25. axb4 Bxb4 26. bxa6 Ndc5 27. Bc4+ Bf7 28.
Nd5 Bxd5 29. exd5 Nb6 30. Qe3 Nxd5 31. Nb3 Kh8 32. Bxd5 Rxd5 33. Bd4 Rxd4 34.
Nxd4 Nxa6 35. Ra2 Bc5 36. Rxc5 Qxc5 37. Rxa6 Qxd4 38. Qxd4 exd4 39. Rd6 1/2-1/2

[Event "XtraCon-Skakligaen"]
[Site "Denmark"]
[Date "2011.01.15"]
[Round "4.3"]
[White "Brunello, Sabino"]
[Black "Kolbak, Jens"]
[Result "1-0"]
[WhiteElo "2544"]
[BlackElo "2295"]
[PlyCount "83"]
[EventDate "2010.11.06"]
[EventType "team-tourn"]
[EventRounds "9"]
[WhiteTeam "Sydostfyn"]
[BlackTeam "Norresundby"]
[WhiteTeamCountry "DEN"]
[BlackTeamCountry "DEN"]

1. d4 b5 2. Bg5 Nf6 3. Nd2 Bb7 4. Ngf3 h6 5. Bxf6 exf6 6. e3 a6 7. c4 bxc4 8.
Bxc4 d5 9. Bd3 Bd6 10. Rc1 Nd7 11. g4 Nf8 12. h4 h5 13. gxh5 Ne6 14. Rg1 Kf8
15. Bf5 Qe7 16. Nb3 Bc8 17. Bg4 Nf4 18. Bxc8 Rxc8 19. Nc5 Rxh5 20. Kf1 Ng6 21.
Qe2 Nxh4 22. Ne5 Rg5 23. Rxg5 fxg5 24. Qxa6 Qe8 25. Qc6 Qxc6 26. Nxc6 Ra8 27.
Nb4 Ng6 28. Nxd5 Rxa2 29. Ne4 Ne7 30. Nxc7 Bxc7 31. Rxc7 Rxb2 32. Nxg5 Rb5 33.
Ne4 f5 34. Ng5 Rb6 35. Ke2 g6 36. Kf3 Ke8 37. Rc2 Kd7 38. Kf4 Rb5 39. Nf3 Rb8
40. Ra2 Rh8 41. Ne5+ Ke6 42. Ra6+ 1-0

[Event "XtraCon-Skakligaen"]
[Site "Denmark"]
[Date "2011.01.15"]
[Round "4.4"]
[White "Jorgensen, Jorgen"]
[Black "Shaw, John"]
[Result "0-1"]
[WhiteElo "2276"]
[BlackElo "2439"]
[PlyCount "56"]
[EventDate "2010.11.06"]
[EventType "team-tourn"]
[EventRounds "9"]
[WhiteTeam "Norresundby"]
[BlackTeam "Sydostfyn"]
[WhiteTeamCountry "DEN"]
[BlackTeamCountry "DEN"]

1. d4 d5 2. c4 c6 3. cxd5 cxd5 4. Nc3 Nf6 5. Nf3 Nc6 6. Bf4 a6 7. e3 Bg4 8. Be2
e6 9. O-O Be7 10. Ne5 Bxe2 11. Qxe2 Rc8 12. Rac1 O-O 13. Nd3 Nd7 14. Rc2 Qa5
15. Rfc1 Na7 16. a3 Rc6 17. b4 Qxa3 18. Ra2 Qb3 19. Nc5 Bxc5 20. bxc5 Nxc5 21.
Rb2 Qxb2 22. Qxb2 Nd3 23. Qxb7 Nxc1 24. Bb8 Rxc3 25. Bxa7 Nd3 26. g4 a5 27. Qa6
Ra8 28. Qb7 Rcc8 0-1

[Event "XtraCon-Skakligaen"]
[Site "Denmark"]
[Date "2011.01.15"]
[Round "4.6"]
[White "Nielsen, John Bauneborg"]
[Black "Borbjerggaard, Lars"]
[Result "0-1"]
[WhiteElo "2148"]
[BlackElo "2338"]
[PlyCount "58"]
[EventDate "2010.11.06"]
[EventType "team-tourn"]
[EventRounds "9"]
[WhiteTeam "Norresundby"]
[BlackTeam "Sydostfyn"]
[WhiteTeamCountry "DEN"]
[BlackTeamCountry "DEN"]

1. d4 Nf6 2. c4 g6 3. Nc3 Bg7 4. g3 O-O 5. Bg2 d6 6. e3 c5 7. Nge2 Nc6 8. O-O
Bd7 9. b3 a6 10. Bb2 Rb8 11. Qd2 cxd4 12. Nxd4 Qa5 13. Nxc6 Bxc6 14. e4 Nxe4
15. Bxe4 Bxe4 16. Rae1 Bc6 17. Rxe7 Rfe8 18. Rfe1 Rxe7 19. Rxe7 Be5 20. Qe3 Qd8
21. Rxe5 dxe5 22. Nd5 Bxd5 23. Qxe5 f6 24. Qxd5+ Qxd5 25. cxd5 Kf7 26. Ba3 Rc8
27. Bb4 Rc2 28. a3 Rb2 29. d6 Ke6 0-1

[Event "XtraCon-Skakligaen"]
[Site "Denmark"]
[Date "2011.01.15"]
[Round "4.7"]
[White "Nordenbaek, Jan"]
[Black "Olesen, Poul Erik Norgaard"]
[Result "1/2-1/2"]
[WhiteElo "2271"]
[BlackElo "2106"]
[PlyCount "43"]
[EventDate "2010.11.06"]
[EventType "team-tourn"]
[EventRounds "9"]
[WhiteTeam "Sydostfyn"]
[BlackTeam "Norresundby"]
[WhiteTeamCountry "DEN"]
[BlackTeamCountry "DEN"]

1. Nf3 Nf6 2. c4 g6 3. Nc3 Bg7 4. d4 d6 5. g3 c6 6. Bg2 O-O 7. O-O Qa5 8. h3 e5
9. e4 Nbd7 10. d5 cxd5 11. cxd5 b5 12. Nd2 b4 13. Nb3 Qc7 14. Ne2 Ba6 15. Be3
Qc4 16. Re1 Nxe4 17. Rc1 Qd3 18. Qxd3 Bxd3 19. Rc6 Ndf6 20. Nd2 Nxd2 21. Bxd2
a5 22. Nc1 1/2-1/2

[Event "XtraCon-Skakligaen"]
[Site "Denmark"]
[Date "2011.01.15"]
[Round "4.8"]
[White "Christiansen, Jens Jorgen"]
[Black "Lauridsen, Jesper Morch"]
[Result "0-1"]
[WhiteElo "2136"]
[BlackElo "2298"]
[PlyCount "94"]
[EventDate "2010.11.06"]
[EventType "team-tourn"]
[EventRounds "9"]
[WhiteTeam "Norresundby"]
[BlackTeam "Sydostfyn"]
[WhiteTeamCountry "DEN"]
[BlackTeamCountry "DEN"]

1. d4 d5 2. c4 e6 3. Nc3 Nf6 4. Nf3 Bb4 5. Bg5 Nbd7 6. e3 c5 7. Qc2 Qa5 8. Bxf6
Nxf6 9. Bd3 cxd4 10. exd4 dxc4 11. Bxc4 Bd7 12. O-O Rc8 13. Ne5 O-O 14. Rac1
Rfd8 15. Qe2 Bxc3 16. bxc3 Be8 17. Qe3 Nd5 18. Bxd5 exd5 19. Qd2 f6 20. Ng4 Rc7
21. Rfe1 Rdc8 22. Ne3 Bg6 23. h4 h5 24. f4 Be4 25. Nd1 f5 26. Re3 b5 27. Kh2
Rc6 28. Nf2 Qc7 29. Nxe4 fxe4 30. Rg3 Rf8 31. Rf1 Rcf6 32. Rg5 Rxf4 33. Rxf4
Rxf4 34. g3 Rxh4+ 35. Kg2 Rg4 36. Rxg4 hxg4 37. Qg5 Qd7 38. Qe5 a5 39. a3 Kh7
40. Qg5 Kg8 41. Qe5 g6 42. Kg1 Kh7 43. Qg5 Qe6 44. Qd8 e3 45. Qc7+ Kh6 46. Qf4+
g5 47. Qf8+ Kg6 0-1

[Event "XtraCon-Skakligaen"]
[Site "Denmark"]
[Date "2011.01.15"]
[Round "4.1"]
[White "Matthiesen, Arne"]
[Black "Rasmussen, Allan Stig"]
[Result "0-1"]
[WhiteElo "2315"]
[BlackElo "2538"]
[PlyCount "90"]
[EventDate "2010.11.06"]
[EventType "team-tourn"]
[EventRounds "9"]
[WhiteTeam "SK1968"]
[BlackTeam "Jetsmark"]
[WhiteTeamCountry "DEN"]
[BlackTeamCountry "DEN"]

1. c4 e5 2. Nc3 d6 3. g3 f5 4. d4 Be7 5. Bg2 Nf6 6. Nf3 e4 7. Ng5 c6 8. d5 Nxd5
9. cxd5 Bxg5 10. Bxg5 Qxg5 11. dxc6 Nxc6 12. Qxd6 Qe7 13. Qxe7+ Kxe7 14. f3
exf3 15. exf3 Be6 16. O-O Rhd8 17. f4 Rac8 18. Rfd1 Na5 19. Rxd8 Rxd8 20. Re1
Kf6 21. Kf2 Bc4 22. b3 Rd2+ 23. Kg1 Be6 24. Re2 Rd3 25. Rc2 h6 26. Bf1 Rd8 27.
Kf2 Nc6 28. Ke3 Nb4 29. Rc1 g5 30. Be2 a5 31. h4 gxf4+ 32. gxf4 Re8 33. Kf2 Bf7
34. Rg1 Rc8 35. Rg3 Rd8 36. Ke1 Rd4 37. Rf3 Bd5 38. Nxd5+ Nxd5 39. Bc4 Nxf4 40.
Kf2 Ng6 41. Re3 Ne5 42. Rh3 Nxc4 43. bxc4 Rxc4 44. Rb3 Rxh4 45. Rb6+ Kg5 0-1